000
00232 a2200097 4500
001
39777
100
_a
Sarao AS
245
_a
Elements of mechanical Engineering
260
_a
New Delhi
_b
Satye Parkash
_c
1992
090
_c
24784
_d
24784
942
_a
NUST-CAE
_c
M
_c
16429
999
_c
274850
_d
274850